Music Quiz

Random Music or Singers Quiz
Score 0/161 Timer 06:00
0 Plays Today
% Correct
version
100%
by
100%
Ray
100%
Charles
100%
Written
100%
by
100%
Hoagy
100%
Carmichael
100%
and
100%
Stuart
100%
Gorrell
100%
Cover
100%
Georgia,
96.9%
Georgia,
96.9%
Georgia
96.9%
(Georgia
96.9%
Georgia,
96.9%
Georgia,
96.9%
Georgia,
96.9%
Georgia,
96.9%
Georgia
96.9%
Georgia,
96.9%
Georgia,
96.9%
Georgia
96.9%
Georgia
96.9%
(Georgia
96.9%
(Georgia
96.9%
my
95.9%
mind
95.9%
my
95.9%
mind)
95.9%
my
95.9%
mind
95.9%
my
95.9%
my
95.9%
mind)
95.9%
my
95.9%
mind)
95.9%
my
95.9%
mind
95.9%
mind
95.9%
on
95.6%
on
95.6%
on
95.6%
on
95.6%
on
95.6%
on
95.6%
on
95.6%
I
86.6%
I
86.6%
I
86.6%
I
86.6%
I
86.6%
I
86.6%
% Correct
I
86.6%
I
86.6%
The
85.6%
(the
85.6%
A
85.6%
the
85.6%
The
85.6%
The
85.6%
(a
85.6%
an
82.7%
an
82.7%
an
82.7%
an
82.7%
sweet
79.1%
sweet
79.1%
sweet
79.1%
sweet
79.1%
sweet
79.1%
song
77.1%
song
77.1%
song
77.1%
song
77.1%
song,
77.1%
song
77.1%
old
76.3%
old
76.3%
old,
76.3%
old
76.3%
you
73.5%
you
73.5%
you
73.5%
you)
73.5%
Just
70.9%
Just
70.9%
Just
70.9%
to
70.4%
to
70.4%
to
70.4%
to
70.4%
Keeps
69.6%
Keeps
69.6%
Keeps
69.6%
Keeps
69.6%
me
66.2%
me
66.2%
through
66%
through)
66%
through
66%
day
65.2%
day
65.2%
whole
64.7%
whole
64.7%
of
62.6%
in
62.6%
% Correct
in
62.6%
of
62.6%
and
61.3%
Ooh
59.3%
No
58%
No
58%
no
58%
said
56.4%
said
56.4%
said
56.4%
back
53.9%
back
53.9%
out
52.8%
out
52.8%
see
52.3%
see
52.3%
road
51.8%
road
51.8%
peace
51%
peace,
51%
(peace
51%
peace
51%
reach
50.8%
leads
50.8%
reach
50.8%
leads
50.8%
as
50.5%
As
50.5%
tenderly
50.3%
tenderly
50.3%
smile
50%
smile
50%
arms
49.7%
arms
49.7%
eyes
47.7%
eyes
47.7%
find
46.6%
find
46.6%
find)
46.6%
pines
46.1%
moonlight
45.1%
dreams
45.1%
dreams
45.1%
Other
42.8%
Other
42.8%
Other
42.8%
Other
42.8%
Still
41.2%
peaceful
41.2%
Still
41.2%
peaceful
41.2%
clear
39.7%
Comes
34.3%
Remove Ads.
Support Sporcle.
Get the best of Sporcle when you Go Orange. This ad-free experience offers more features, more stats, and more fun while also helping to support Sporcle. Thank you for becoming a member.

You're not logged in!

Compare scores with friends on all Sporcle quizzes.
OR
Log In

Sporcle TV

Today on Sporcle TV


Watch our educational content, quiz creation guides, and fun videos on Sporcle TV.

Show Comments

Extras

Top Quizzes Today


Score Distribution

Paid Content

Your Account Isn't Verified!

In order to create a playlist on Sporcle, you need to verify the email address you used during registration. Go to your Sporcle Settings to finish the process.

Report this User

Report this user for behavior that violates our Community Guidelines.

Details: